Cesar Vallejo : (Record no. 1220)

000 -CABECERA
fixed length control field 00899nam a22002417a 4500
003 - IDENTIFICADOR DEL NÚMERO DE CONTROL
control field AR-CdUCM
008 - DATOS DE LONGITUD FIJA--INFORMACIÓN GENERAL
fixed length control field 190226b ||||| |||| 00| 0 spa d
040 ## - FUENTE DE LA CATALOGACIÓN
Agencia/entidad que catalogó originalmente la obra MUNICIPALIDAD PROVINCIAL DEL CUSCO
Entidad que transcribió la catalogación BIBLIOTECA MUNICIPAL DEL CUSCO
082 ## - NÚMERO DE LA CLASIFICACIÓN DECIMAL DEWEY
No. de Clasificación 869.56 /
Notacion interna B18
245 ## - MENCIÓN DE TÍTULO
Título Cesar Vallejo :
Resto del título Teatro Completo /
260 ## - PUBLICACIÓN, DISTRIBUCIÓN, ETC.
Lugar de publicación, distribución, etc. Lima :
Nombre de la editorial, distribuidor, etc. Industrial Grafica,
Fecha de publicación, distribución, etc. 1979.
300 ## - DESCRIPCIÓN FÍSICA
Nº de Páginas Extensión 2 tomos ;
Dimensiones 25cm.
505 ## - NOTA DE CONTENIDO CON FORMATO
Nota de contenido formateada Contenido : t.I: La escritura escénica de Vallejo -- Lock Out -- Entre las dos orillas -- t.II: Colacho hermanos o presidentes de América, farsa en seis actos -- La piedra cansada.
650 ## - PUNTO DE ACCESO ADICIONAL DE MATERIA--TÉRMINO DE MATERIA
Descriptor Escritura
9 (RLIN) 4757
650 ## - PUNTO DE ACCESO ADICIONAL DE MATERIA--TÉRMINO DE MATERIA
Descriptor Teatro completo
9 (RLIN) 4758
650 ## - PUNTO DE ACCESO ADICIONAL DE MATERIA--TÉRMINO DE MATERIA
Descriptor Cultura Nacional
9 (RLIN) 4759
650 ## - PUNTO DE ACCESO ADICIONAL DE MATERIA--TÉRMINO DE MATERIA
Descriptor Perú
9 (RLIN) 35
700 ## - PUNTO DE ACCESO ADICIONAL--NOMBRE DE PERSONA
Nombre Personal Ballon Aguirre, Enrique (traducciones y notas)
9 (RLIN) 4760
700 ## - PUNTO DE ACCESO ADICIONAL--NOMBRE DE PERSONA
Nombre Personal Cumpa, Victor
9 (RLIN) 4761
942 ## - ELEMENTOS DE PUNTO DE ACCESO ADICIONAL (KOHA)
Fuente de clasificación
Tipo de item Libros-BMC
945 ## - PROCESAMIENTO DE INFORMACIÓN LOCAL (OCLC)
Catalogador pjha
AAAA-MM-DD - Fecha de ingreso o modificacion 2019-02-26
Holdings
Estado de retiro (separado) Fuente de clasificación o esquema de estanterías Estado dañado Ubicación Sala donde se ubica Nombre de la colección Fecha de adquisición o compra Costo, precio normal en soles Signatura topográfica Código de Barras Última vez visto (Koha) Tipo de ítem (Koha)
No     Sala Humanidades Sala Humanidades Book Cart 2019-02-26 20.00 869.56 / B18 / t.1 SH0000001400 2019-02-26 Libros-BMC
No     Sala Humanidades Sala Humanidades Book Cart 2019-02-26 20.00 869.56 / B18 / t.1 / e.2 SH0000003050 2019-03-06 Libros-BMC
No     Sala Humanidades Sala Humanidades Book Cart 2019-02-26 20.00 869.56 / B18 / t.2 SH0000003051 2019-03-06 Libros-BMC
No     Sala Humanidades Sala Humanidades Book Cart 2019-03-13 20.00 869.56 / B18 / t.2 / e.2 SH0000006167 2019-03-13 Libros-BMC

Powered by Koha